Những cánh đồng kim cương = Acres of Diamonds

Đây là cuốn sách hướng dẫn con người tư duy tích cực, kiến tạo trí não tuyệt vời cho bản thân, học cách nhìn nhận giá trị tốt đẹp, sự giàu có, hạnh phúc ngay trong những điều giản dị xung quanh và cách thức làm giàu chân chính....

Πλήρης περιγραφή

Αποθηκεύτηκε σε:
Λεπτομέρειες βιβλιογραφικής εγγραφής
Κύριος συγγραφέας: Conwell, Russell Herman
Μορφή: Βιβλίο
Γλώσσα:Undetermined
Έκδοση: Hà Nội Lao động - Xã hội 2011
Θέματα:
Ετικέτες: Προσθήκη ετικέτας
Δεν υπάρχουν, Καταχωρήστε ετικέτα πρώτοι!
Thư viện lưu trữ: Trung tâm Học liệu Trường Đại học Cần Thơ
LEADER 00976nam a2200217Ia 4500
001 CTU_174989
008 210402s9999 xx 000 0 und d
020 |c 64000 
082 |a 170.44 
082 |b C767 
100 |a Conwell, Russell Herman 
245 0 |a Những cánh đồng kim cương = 
245 0 |b Acres of Diamonds 
245 0 |c Russell H. Conwell ; Alpha Books tuyển chọn 
260 |a Hà Nội 
260 |b Lao động - Xã hội 
260 |c 2011 
520 |a Đây là cuốn sách hướng dẫn con người tư duy tích cực, kiến tạo trí não tuyệt vời cho bản thân, học cách nhìn nhận giá trị tốt đẹp, sự giàu có, hạnh phúc ngay trong những điều giản dị xung quanh và cách thức làm giàu chân chính. 
650 |a Success,Sự thành công 
904 |i Năm 
980 |a Trung tâm Học liệu Trường Đại học Cần Thơ